[Event "armenische Meisterschaft, Eriwan 2012"]
[Site "?"]
[Date "2012.01.15"]
[Round "5"]
[White "Grigoryan, Karen"]
[Black "Melkumyan, Hrant"]
[Result "0-1"]
[WhiteElo "2482"]
[BlackElo "2620"]
[Annotator "Schneider,Ilja"]
[PlyCount "72"]
[EventDate "2012.??.??"]

1. d4 Nf6 2. c4 g6 3. Nc3 d5 4. cxd5 Nxd5 5. e4 Nxc3 6. bxc3 Bg7 7. Nf3 c5 8.
Be3 Qa5 9. Qd2 Nc6 10. Rb1 (10. Rc1 {sofort ist die Hauptvariante, wo Schwarz
nicht den Zug ...a6 "geschenkt" bekommt. Dafür schwächt er sich nicht das Feld
b6 und kann nach der Folge} cxd4 11. cxd4 Qxd2+ 12. Kxd2 O-O 13. d5 Rd8 14. Ke1
Na5 {mit dem Springer den sicheren Hafen a5 ansteuern. Nicht so, wenn bereits
ein schwarzer Bauer auf a6 zu finden ist, denn dann gewinnt Lb6 eine Figur.})
10... a6 11. Rc1 cxd4 12. cxd4 Qxd2+ 13. Kxd2 e6 {Daher muss Schwarz das Feld
d5 kontrollieren, auch wenn es vorläufig den Lc8 einsperrt. Dafür wird er -
dank des Extrtempos ...a6 - schneller zu b7-b5 kommen.} 14. Bd3 O-O 15. Rc4 Rd8
(15... f5 {ist der übliche Zug.}) 16. Rhc1 Bd7 17. Bg5 {Weiß bringt sich so
bald in Teufels Küche. Gerade hier war die Möglichkeit, mit Ke2 den Chef aus
der Gefahrenzone zu entfernen.} f6 18. Be3 Bf8 {Da der Lg7 gerade verstopft
wurde, wechselt er die Diagonale und nimmt den weißen Türmen ein paar Felder.
Und schon hat Weiß ein Problem. Denn mittlerweile kriegt er den König nicht
mehr ohne Weiteres weg.} 19. e5 (19. Ke2 Nb4 $1 {
holt das extrem wichtige Läuferpaar ab.}) (19. Ke1 Ba3 20. Rd1 b5 21. Rc2 Nb4 {
-wieder Läuferpaar weg. Weiß beschließt die Flucht nach vorne:}) 19... fxe5 20.
Bg5 {Müsste nun der bedrohte Turm tatsächlich von der d-Linie weichen, würde
Weiß mit Sxe5 den Bauern zurückholen und sich ein erträgliches Leben sichern.
Aber (natürlich) hat die Sache einen großen Haken:} exd4 $1 {Wüsste gerne, wie
lange Hrant für diese Entscheidung benötigt hat. Bestimmt nicht allzu lange.}
21. Bxd8 Rxd8 22. Kd1 (22. Ke2 {war deutlich besser. Nun ist die erste Reihe,
also der Fluchtweg für die weißen Türme vor den wütenden schwarzen
Leichtfiguren versperrt.}) 22... Ba3 23. Rb1 b5 24. Rc2 Nb4 25. Rd2 Nd5 26. Rb3
Bb4 {Wenn schon leiden - dann mit Mehrmaterial! Er musste nun den Turm nach c2
ziehen, sich den Sargnagel Lc3 gefallen lassen und dann geduldig auf eine
Chance warten, sich zu befreien. Aber Weiß verlor hier jegliche Geduld (oder
vielleicht auch Zuversicht:)} 27. Nxd4 Bxd2 28. Kxd2 {Das gibt unterm Strich
einen satten Mehrbauern für Schwarz - und gleich fliegen die restlichen
Figuren vom Brett.} Nf4 {
Vielleicht das absolut Einzige, was man Hrant in dieser Partie vorhalten kann.}
(28... e5 29. Nf3 Be6 30. Ng5 Nf4 $1 {
führte forciert ins gewonnene Bauernendspiel.}) 29. g3 e5 30. Ne2 (30. gxf4
exd4 {musste er spielen, um die Partie noch 10 Züge am Laufen zu halten.})
30... Be6 {Jetzt dagegen fliegt alles vom Brett.} 31. Ra3 (31. gxf4 Bxb3 32.
axb3 e4) 31... Rxd3+ 32. Rxd3 Nxd3 33. Kxd3 Bc4+ 34. Ke3 Bxe2 35. Kxe2 Kf7 36.
Kd3 Ke6 {Schach kann in den richtigen Händen so einfach sein!} 0-1

[Event "Armenische Meisterschaft"]
[Site "Yerevan ARM"]
[Date "2012.01.16"]
[Round "6"]
[White "Melkumyan, Hrant"]
[Black "Pashikian, Arman"]
[Result "1/2-1/2"]
[WhiteElo "2620"]
[BlackElo "2608"]
[Annotator "F. O."]
[PlyCount "51"]
[EventDate "2012.01.11"]

1. d4 d5 2. c4 c6 3. Nc3 Nf6 4. e3 e6 5. Nf3 Nbd7 6. Qc2 Bd6 7. Bd3 O-O 8. O-O
dxc4 9. Bxc4 b5 10. Bd3 Bb7 11. e4 e5 12. dxe5 Nxe5 13. Nxe5 Bxe5 14. h3 Qe7 ({
Nisipeanu hat vor zwölf Jahren in Wijk gegen Danailov} 14... c5 {gespielt. Schw
arz setzt mit diesem Bauernopfer auf Entwicklungsvorsprung und will seine
Läufer zur Geltung zu bringen. Christopher Lutz war als Kommentator nicht von
der Qualität überzeugt, aber zeitgenössische Computerprogramme ziehen  nach
dem prinzipiellen} 15. Nxb5 {lässig} Re8 {und blubbern bei 0.01 bis 0.20
gemächlich vor sich hin, denn die weiße Stellung imponiert ihnen offenbar
nicht.} 16. Re1 Qb6 17. Nc3 Rac8 {und der Plan, hier noch etwas für Weiß
herauszuholen, ist eher etwas für Feinmotoriker.}) 15. Be3 c5 16. Nd5 (16. Nxb5
Bxe4 (16... Nxe4 17. Rfe1) 17. Bxe4 Nxe4 18. Rfe1) 16... Nxd5 17. exd5 Bxd5 {
Die schwarze Idee geht auch hier auf: Material gegen Initiative. Die Läufer
auf d5 und e5 sind aktiver als jene auf d3 und e3. DasZorro-ManöverDe7-h4-f4-h
2 zwingt zur Vorsicht, denn Weiß spielt zwar auf Material, Schwarz aber spielt
gegen den König.} 18. Bxc5 Qh4 ({Computer sehen auch} 18... Qg5 {
als Weg zum Ausgleich an, sagen die Korinther.}) 19. f4 ({Nach} 19. Bxf8 {
fällt nach} Qf4 {schon der Vorhang.}) (19. Rfe1 {
verlagert die weiße Problemlösung nur, denn Schwarz kann mithalten:} Rfe8 20.
Bxb5 (20. Rad1 Bb7 $1 {bereitet ...Df4 vor und geht Lh7+ aus dem Weg} 21. Bxb5
(21. Re2) 21... Qf4 {und Weiß kommt noch mit einem Dauerschach davon:} 22. Kf1
Bxg2+ 23. Kxg2 Qh2+) 20... Qg5 21. f4 Qxf4 22. Bxe8 Qh2+) 19... Bxf4 20. Bxf8
Rxf8 21. Rad1 Be3+ 22. Kh2 Bf4+ 23. Kg1 Be3+ 24. Kh2 Bf4+ 25. Kg1 Be3+ 26. Kh2
1/2-1/2

[Event "Tata Steel Chess, Wijk aan Zee"]
[Site "Wijk aan Zee NED"]
[Date "2012.01.16"]
[Round "3"]
[White "Carlsen, Magnus"]
[Black "Aronian, Levon"]
[Result "1-0"]
[WhiteElo "2835"]
[BlackElo "2805"]
[Annotator "RaP"]
[PlyCount "135"]
[EventDate "2012.01.14"]

1. c4 e6 2. Nc3 d5 3. d4 Be7 4. cxd5 exd5 {Mit der Abtauschvariante im
Damengambit durfte sich Aronian zuletzt häufiger auseinander setzen. Aus dem
Jahr 2011 finden sich zwei Partien gegen Grischuk in der Datenbank (plus 1 für
Aronian) und drei Partien gegen Nakamura (minus 2 gegen Aronian). Die
Eröffnungsphasen waren insgesamt allerdings ziemlich ausgeglichen verlaufen.}
5. Bf4 c6 6. Qc2 Nf6 7. h3 (7. e3 {ist der Hauptzug, der unter anderem in
Grischuk-Aronian (Kasan 2011) auf dem Brett stand. 7. h3 stand bisher höchst
selten auf dem Brett.}) 7... g6 {Bereits eine Neuerung. Der Plan, den Läufer
nach f5 zu entwickeln ist in der Variante alles andere als ungewöhnlich. Ich
habe aber das Gefühl, dass die damit einhergehende Schwächung des
Königsflügels schwer wiegt. Zumal das nachfolgende 9...h5 sich schwer
vermeiden lässt, will man den Läufer auf f5 halten.} (7... Qa5 8. Nf3 Ne4 {
aus Lupulescu,C-Giri,A Porto Carras 2011 nutzt den Umstand aus, dass Weiß
nicht mit sofortigem 7. e3 8. Ld3 diesen Ausfall des Springers verhindert hat.}
) 8. e3 Bf5 9. Qd2 h5 10. Bd3 Bxd3 11. Qxd3 Nbd7 12. Nge2 a5 13. O-O O-O {
Die Entwicklungsphase ist weitgehend abgeschlossen - wesentliche Alternativen
waren in den letzten Zügen nicht zu erkennen. Weiß hat einen klaren Plan: Das
Zentrum mit f3 und e4 aufzurollen - und ggf. die schwarzen Schwächen am
Königsflügel auszunutzen.} 14. f3 b5 15. e4 dxe4 16. fxe4 Nc5 17. Qf3 Ne6 18.
Be3 b4 19. Nb1 (19. Na4) 19... Nh7 20. Nd2 Rc8 21. Rad1 Bh4 (21... Nhg5 22. Qg3
Rc7 {ist Rybkas-Vorschlag und wirkt auf den ersten Blick etwas gekünstelt, hat
aber seine Lichtseiten. Weiß kann anders als in der Partie seine Expansion im
Zentrum beginnend mit Sc4, was auch noch den Bauern a5 angreift, nicht
fortsetzen, Schwarz hingegen versucht mit Td7 Druck gegen d4 zu erzeugen. Der
Springer g5 lässt sich kaum vertreiben, da h4 den Weißen zu sehr schwächen
würde.}) 22. g3 Bf6 23. Nc4 Bg7 24. b3 Qe7 25. Qg2 Nc7 (25... Nhg5 {
ist hier wegen} 26. h4 {keine Idee mehr.}) 26. Nxa5 Rfe8 27. e5 Nd5 28. Bd2 {
Die Partie hat sich folgerichtig entwickelt. Hat Schwarz Kompensation für den
Bauern? Ich meine nicht, da sich das weiße Zentrum nicht knacken lässt.
Schwarzes c5 ist wegen des hängenden Springers nicht möglich und ...} Red8 ({
...} 28... f6 {scheitert an} 29. Nxc6) 29. Nf4 Qa7 {
Ein taktisches Versehen!? Besser war} (29... Qc7) 30. Nxc6 Rxc6 31. Nxd5 Rc2
32. Kh1 Bf8 33. e6 Qa8 34. exf7+ Kh8 35. Nf4 Qxg2+ 36. Kxg2 (36. Nxg2 {
dürfte noch stärker sein, denn} Rxd4 {scheitert jetzt an} 37. Bc3) 36... Rxd4
37. Rf2 Rd6 38. Bc1 Rxf2+ 39. Kxf2 Rxd1 40. Bb2+ Nf6 41. Bxf6+ Kh7 42. Ne6 Bd6
43. Be5 Be7 44. f8=Q Bxf8 45. Nxf8+ Kh6 46. Ne6 g5 47. h4 gxh4 48. gxh4 Kg6 49.
Nd4 Rd3 50. Nc6 Rd2+ 51. Ke3 Rxa2 52. Bd6 Ra1 53. Kd4 Rg1 (53... Rh1 {
will der Computer noch sehen, mit der Idee} 54. Be7 Rh3 55. Kc4 $2 (55. Ne5+ {
ist die Lösung} Kf5 56. Nd3 Rg3 57. Bg5 $18) 55... Rc3+) 54. Kc5 Kf5 55. Nxb4
Rc1+ 56. Kd4 Re1 57. Nc6 Re4+ 58. Kd5 Rxh4 59. b4 Rh1 60. b5 Rb1 61. Nd4+ Kg4
62. Kc6 Rc1+ 63. Kd7 Rb1 64. Kc7 h4 65. b6 Kh3 66. b7 Kg2 67. Nf5 h3 68. Nh4+
1-0

[Event "Armenische Meisterschaft"]
[Site "Yerevan ARM"]
[Date "2012.01.16"]
[Round "6"]
[White "Melkumyan, Hrant"]
[Black "Pashikian, Arman"]
[Result "1/2-1/2"]
[WhiteElo "2620"]
[BlackElo "2608"]
[Annotator "F.O."]
[PlyCount "51"]
[EventDate "2012.01.11"]

1. d4 d5 2. c4 c6 3. Nc3 Nf6 4. e3 e6 5. Nf3 Nbd7 6. Qc2 Bd6 7. Bd3 O-O 8. O-O
dxc4 9. Bxc4 b5 10. Bd3 Bb7 11. e4 e5 12. dxe5 Nxe5 13. Nxe5 Bxe5 14. h3 Qe7 ({
Nisipeanu hat vor zwölf Jahren in Wijk gegen Danailov} 14... c5 {gespielt. Schw
arz setzt mit diesem Bauernopfer auf Entwicklungsvorsprung und will seine
Läufer zur Geltung zu bringen. Christopher Lutz war als Kommentator nicht von
der Qualität überzeugt, aber zeitgenössische Computerprogramme ziehen nach dem
prinzipiellen} 15. Nxb5 {lässig} Re8 {und blubbern bei 0.17 bis 0.23
gemächlich vor sich hin, denn die weiße Stellung imponiert ihnen offenbar
nicht.} 16. Re1 Qb6 17. Nc3 Rac8 {und der Plan, hier noch etwas für Weiß
herauszuholen, ist eher etwas für Feinmotoriker.}) 15. Be3 c5 16. Nd5 (16. Nxb5
Bxe4 (16... Nxe4 17. Rfe1) 17. Bxe4 Nxe4 18. Rfe1 Rfe8 {bringt Weiß wenig.})
16... Nxd5 17. exd5 Bxd5 {Die schwarze Idee geht auch hier auf: Material gegen
Initiative. Die Läufer auf d5 und e5 sind aktiver als jene auf d3 und e3. Das
Zorro-Manöver De7-h4-f4-h2 zwingt zur Vorsicht, denn Weiß spielt zwar auf
Material, Schwarz aber spielt gegen den König.} 18. Bxc5 Qh4 ({
Computer sehen auch} 18... Qg5 {als Weg zum Ausgleich an, sagen die Korinther.}
) 19. f4 ({Nach} 19. Bxf8 {fällt nach} Qf4 {schon der Vorhang.}) (19. Rfe1 {
verlagert die weiße Problemlösung nur, denn Schwarz kann mithalten:} Rfe8 20.
Bxb5 (20. Rad1 Bb7 $1 {bereitet ...Df4 vor und geht Lh7+ aus dem Weg}) 20...
Qg5 21. f4 Qxf4 22. Bxe8 Qh2+) 19... Bxf4 20. Bxf8 Rxf8 21. Rad1 Be3+ 22. Kh2
Bf4+ 23. Kg1 Be3+ 24. Kh2 Bf4+ 25. Kg1 Be3+ 26. Kh2 1/2-1/2

[Event "?"]
[Site "?"]
[Date "2012.01.17"]
[Round "4"]
[White "Aronian, Levon"]
[Black "Kamsky, Gata"]
[Result "1-0"]
[WhiteElo "2805"]
[BlackElo "2732"]
[Annotator "Nogly,Christoph"]
[PlyCount "115"]
[EventDate "2012.??.??"]

1. Nf3 Nf6 2. c4 g6 3. Nc3 d5 4. cxd5 Nxd5 5. Qb3 {Die Verfechter der
Grünfeld-Indischen Verteidigung haben es nicht leicht! entweder müssen sie in
messerscharfen Variante Drahtseilakte vollführen - immer in der Gefahr, dass
der (Computer des) Gegner(s) eine tödliche Neuerung im 32. Zug gefunden hat
bzw. dass man selbst die Vorbereitung vergisst (siehe die 1. Partie im
WM-Kampf Topalov-Anand). Oder sie werden mit einer obskuren Nebenvariante
konfrontiert, die man aber auch gut kennen sollte, um nicht sofort in einer
trostlosen Stellung zu landen.} Nb6 ({Der Standardabtausch} 5... Nxc3 {
ist an dieser Stelle nicht gut, da Weiß mit} 6. Qxc3 {
mit Angriff auf den Th8 Schwarz zu Zugeständnissen zwingt.}) 6. d4 Bg7 7. e4
O-O 8. Be3 Bg4 {Oh Wunder der Zugumstellung! Urplötzlich sind wir in einer der
(alten) Hauptvarianten vom Grünfeldinder gelandet - der Smyslow-Variante im
Russischen System. Besser bekannt über die Zugfolge: 1. d4 Sf6 2. c4 g6 3. Sc3
d5 4. Sf3 Lg7 5. Db3 dxc4 6. Dxc4 O-O 7. e4 Lg4 8.Le3 Sfd7 9. Db3 Sb6 In der
vorliegenden Form allerdings mit einem Zug weniger. Die weiße Dame hat hier
keinen "Umweg" über c4 gemacht und somit zwei Tempi eingespart. Eines davon
wurde in das Schalgen cxd5 investiert. Schwarz hat dafür den d-Bauern nur
einmal bewegt.} 9. Rd1 e6 (9... Nc6 {ist die Hauptvariante, z. B.} 10. d5 Ne5
11. Be2 Qc8 {
und eine kürzlich gespielte Partie zwischen zwei 2700er endete remis:} (11...
Nxf3+ 12. gxf3 Bh5 {
gab es schon im WM-Kampf 1958 zwischen Botwinnik und Smyslow.}) (11... Bxf3 12.
gxf3 Qc8 13. f4 Ng4 14. Bc5 Re8 15. h3 Nh6 16. h4 c6 17. h5 cxd5 18. Bxb6 axb6
19. hxg6 hxg6 20. Nxd5 Qc5 21. f5 e6 22. fxg6 exd5 23. Rxh6 Rxe4 24. gxf7+ Kf8
25. Rh5 Rf4 26. Qg3 Rxf7 27. Rhxd5 Qc7 28. Qh4 Bf6 29. Qh6+ Bg7 30. Qg5 Bf6 31.
Qh6+ Bg7 32. Qh4 Bf6 33. Qb4+ Be7 34. Qg4 Qf4 35. Qxf4 Rxf4 36. Kf1 Rxa2 37.
R1d2 Bf6 38. Rb5 Bd4 39. Bd3 Bc5 40. Kg2 Rg4+ 41. Kf3 Raa4 42. Ke2 Raf4 {
1/2-1/2 Jakovenko,D (2726)-Nepomniachtchi,I (2720)/Moscow RUS 2010})) 10. Be2
Nc6 11. Ng1 ({Sofort} 11. e5 {
wurde auch schon oft gespielt mit vernünftigen Resultaten für Schwarz.}) 11...
Bxe2 12. Ngxe2 Qe7 13. O-O Rfd8 14. e5 $5 {Will die Schwarzen Felderschwächen
auf g5 und f6 ausnutzen. Dafür bekommt Kamsky das schöne Feld d5.} h6 15. a3 {
Ein typischer Zug in dieser Variante, der der schwarzen Dame das Feld b4
verwehren soll.} ({Allerdings konnte in einer früheren Partie Alexander
Beliavsky gegen den Grünfeld-Indisch-Guru Lubomir Fracnik mit dem direkten} 15.
Ne4 {einen klaren Sieg erzielen:} Qb4 16. Qc2 Qc4 17. Qxc4 $1 Nxc4 18. Rc1 Nxb2
$6 19. Rb1 Nc4 20. Rxb7 Rdc8 21. Rc1 Nxe3 22. fxe3 $16) 15... Na5 16. Qc2 c5
17. dxc5 Nbc4 18. Bc1 Nxe5 {Und selbst zu dieser Stellung gibt es noch (fast)
einen Vorgänger. In der Partie Hoffmann-Popovic war allerdings der andere Turm
nach d8 gegangen. Hoffmann verzichtete auf b4 und spielte sofort Se4.} 19. b4
Nac6 20. Ne4 a6 21. h3 {Zeit für eine Bestandsaufnahme. Weiß hat die
Bauernmajorität am Damenflügel und das schöne Feld d6 für einen Springer
(manchmal könnte auch b6 wichtig werden). Hinter einem solchen Springer könnte
Weiß auch seine Schwerfiguren auf der d-Linie massieren. Nach Tausch der
schwarzfeldrigen Läufer wird auch dem schwarzen Monarchen luftig zumute. Kurz:
Weiß hat viele aktive Möglichkeiten. Noch ist bei Kamsky aber alles im Lot,
darf aber Weiß nicht allzu viel Zeit lassen. Also:} f5 22. Nd6 Nf7 {
Der Sd6 muss weg!} 23. Nc4 e5 24. Rde1 {Levon vermeidet konsequent den
Abtausch. Nebenbei muss sich Kamsky jetzt auch über Ideen wie Sb6 nebst Sf4-d5
Gedanken machen.} Kh7 25. Bb2 Re8 26. Nd4 Nxd4 27. Bxd4 Rad8 28. Bb2 e4 29.
Bxg7 Kxg7 30. f3 Qf6 31. fxe4 Qd4+ 32. Kh2 Rxe4 33. Rxe4 Qxe4 34. Qxe4 fxe4 {
Schwarz konnte einen Großteil der Figuren abtauschen. Dafür sitzt er jetzt auf
dem schwachen Bauern e4 herum. Auch der Damenflügel strotzt nicht vor Stärke.}
35. Kg3 Rd4 36. Na5 g5 (36... Rd3+ 37. Kf4 Rxa3 38. Nxb7 Rb3 39. c6 Rxb4 40.
Rc1 $18) 37. Kf2 Rd3 38. Re1 Rxa3 39. Rxe4 Kf6 (39... Nd8 40. Rd4) 40. Nxb7 {
Frei nach Helmut Pfleger: Schwups da war ein Bauer weg.} Ne5 41. Rd4 Ke7 42.
Nd6 Rb3 43. Nc8+ (43. Nf5+ Ke6 44. Nxh6 Rxb4 45. Rd6+ (45. Rxb4 Nd3+ 46. Ke3
Nxb4 {ist wohl nicht mehr zu gewinnen}) 45... Ke7 46. Nf5+ Kf7 47. c6 Rc4 48.
Nd4 {möchte der Computer spielen und sieht entscheidenden Vorteil}) 43... Kf7
44. Nd6+ Ke6 45. Nc4 Nd3+ ({Und warum nicht} 45... Rxb4 $2 46. Rd6+ Kf5 47. g4+
Nxg4+ (47... Kf4 48. Rd4# {ist ein eher ungewöhnliches Mattbild.}) (47... Ke4
48. Nd2+ Kf4 49. Rf6# {ist auch nicht schlecht.}) 48. hxg4+ Kxg4 49. Ne3+ Kh5 (
49... Kf4 50. Nd5+) 50. c6 $18) ({Nach} 45... Nxc4 {ist es reine Technik.} 46.
Rxc4 Kd7 (46... Kd5 47. c6 Kxc4 48. c7 $18) 47. Rd4+ Kc7 48. Rd6 Rxb4 49. Rxa6
h5 50. Rg6 Rb2+ (50... g4 51. h4 $18) 51. Kg3 h4+ 52. Kh2 Rc2 53. Rxg5 Kc6 54.
Rg4 $18) 46. Kg1 Nf4 47. Rd6+ Ke7 48. Ne5 Rb2 (48... Rxb4 49. Nc6+) 49. Rxa6
Rxg2+ 50. Kf1 Rb2 51. Rxh6 Nd5 52. Rd6 Ne3+ (52... Nxb4 53. Rb6) 53. Ke1 Nc2+
54. Kd1 Nxb4 55. Rb6 Kf8 56. Rb8+ (56. Nc6 Nd3) 56... Kg7 57. Nc4 Rb3 58. c6 {
und der Bauer läuft durch.} 1-0

[Event "Armenische Meisterschaft Eriwan 2012"]
[Site "?"]
[Date "2012.01.19"]
[Round "8"]
[White "Melkumyan, Hrant"]
[Black "Petrosian, Tigran L"]
[Result "0-1"]
[WhiteElo "2620"]
[BlackElo "2636"]
[Annotator "Dennes Abel"]
[PlyCount "112"]
[EventDate "2012.??.??"]
[SourceDate "2012.01.19"]

1. d4 Nf6 2. c4 e6 3. Nc3 Bb4 4. e3 {Hrants bevorzugte Art, gegen die
Nimzoindische Verteidigung anzutreten. Man beachte auch Melkumyans tollen Sieg
gegen Gashimov in Runde 3 der noch laufenden Bundesligasaison. Ein wichtiger
Sieg beim 6:2-Wunder gegen Werder Bremen!} O-O 5. Bd3 d5 6. Nf3 c5 7. O-O dxc4
8. Bxc4 Nbd7 9. Qe2 a6 10. a4 Qe7 {Ein eher selten gespielter Zug, der jedoch
so falsch auch nicht sein kann.} (10... cxd4 11. exd4 Nb6 12. Bd3 {Führt zu
den gewohnten Isolani-Stellungen.}) 11. Rd1 Ba5 {Kritischer Moment! Weiß hat
sich nun für eine Strategie zu entscheiden, wie er sein Spiel gestalten möchte.
Hrant entscheidet sich für eine Vereinfachung des Spiels mittels 12.e4. Jedoch
wird sich im folgenden zeigen, dass es die schwarzen Figuren sein werden, die
die besseren Stützpunkte finden werden. Von einem schlechten Zug kann zwar
objektiv nicht gesprochen werden, da die Stellung weiterhin ausgeglichen
bleibt, jedoch ist der Läuferausfall nach a5 im folgenden sinnvoller, als
wenn sich Weiß zunächst bedeckt gehalten hätte.} 12. e4 (12. Bd2 $5 Rd8 13.
Rac1 {und Schwarz muss seine Karten zuerst aufdecken!}) 12... cxd4 13. Nxd4 Ne5
14. Bb3 Bd7 {und schon sind die schwarzen Figuren alle aus ihren Löchern
herausgekrochen.} 15. Bf4 Bc7 16. Nc2 {Ein erstes Anzeichen, dass der Weiße
dem Schwarzen in der Eröffnung nicht wirklich Probleme bereiten konnte.} Rfd8
17. Bg3 Bc6 18. Nd4 Be8 19. Nc2 {Hrant hat wahrscheinlich schon erkannt, dass
es eher Schwarz sein wird, der hier das leichtere Spiel haben wird und bietet
per Zugwiederholung bereits indirekt Remis an.} Ng6 $1 {Natürlich möchte
Schwarz noch keine Punkteteilung. Durch den Tausch des schwarzfeldrigen
Läufers wird es dem Schwarzen im Folgenden ermöglicht sich auf den nicht mehr
bewachten Feldern einzunisten.} 20. Bxc7 Qxc7 21. Ne3 Bc6 {Bitte vergleichen
Sie nur die Leichtfiguren! Während bei Schwarz eine gewisse Harmonie
festzustellen ist, hapert es bei den weißen Kollegen an Perspektiven.} 22. f3
Nf4 23. Qf2 Qb6 {Die letzten beiden Züge waren nochmal ein Fingerzeig auf die
schwachen schwarzen Felder. Schwarz hat längst die Initiative übernommen.} 24.
Bc4 Qb4 25. Qc2 $2 {Weiß sollte lieber seine Dame auf der Diagonalen a7-g1
behalten, wir werden sehen wieso...} (25. Bf1 ) 25... Nd7 26. Qb3 Qc5 $1 {
Und nun zeigt sich das Dilemma. Schwarz bleibt im folgenden taktischen
Gemängel am Drücker, was nicht sonderlich erstaunt angesichts der weißen
Disharmonie im eigenen Lager.} 27. Ne2 Ne5 28. Nxf4 $2 {Der wohl letzte
entscheidende Fehler, aber leicht war die Situation ohnehin nicht mehr!} Nxc4
29. Re1 (29. Qxc4 Qxe3+ 30. Kh1 Qxf4) 29... Nd2 30. Qc3 Qg5 31. Nh3 Nxf3+ $1 {
Ein kleine Kombination zum Schluss, die den Weißen endgültig niederwirft.} 32.
Kf2 Qh5 33. Nf4 (33. gxf3 Qxh3) 33... Qe5 34. Kxf3 Qxe4+ 35. Kg3 g5 36. Ned5 (
36. Ne2 Qh4# {Schönes Matt!}) 36... gxf4+ 37. Nxf4 Qd4 {Weiß verbleibt mit
einem Minusbauern und einer verlorenen Stellung. Den Rest meistert der
armenische Großmeister ohne Probleme.} 38. Re5 Qxc3+ 39. bxc3 Rd2 40. Kh3 f6
41. Re3 Kf7 42. g4 e5 43. Nh5 Rad8 44. Ng3 Rf2 45. Rae1 Rdd2 46. Ne2 Bf3 47.
Kg3 Rfxe2 48. Kxf3 Rf2+ 49. Kg3 Rg2+ 50. Kf3 Rdf2+ 51. Ke4 Rxg4+ 52. Kd5 Rxa4
53. Rh3 Rd2+ 54. Kc5 Ke6 55. Kb6 Rd7 56. Rg1 Rc4 {Schade! Dies war wohl nicht
Hrants Tag, aber morgen sieht die Welt schon anders aus. Jedoch muss bei aller
Fairness gesagt werden, dass dem Schwarzen eine schöne Partie geglückt ist und
heute der bessere Spieler am Brett war. Glückwunsch dazu!} 0-1